000 00535nam a2200205Ia 4500
003 LK-CoDNM
005 20240226131346.0
008 010623t1907 xxu||||| |||| 00| 1 sin d
040 _aLK-CoDNM
_dLK-CoDNM
_eLK-CoDNM
041 _asin
080 _a104 U21
100 _aKapurunada
245 _aසර්ව විෂ විනෝදනය
246 _aSarva Visha Vinodanaya
260 _bF.E.Cooray
_aMatara
_c1907
300 _bDamaged
_a50p., 18 cm
650 _aIndigenous Medicine
700 _aVadiganatha
942 _cBK
999 _c86627
_d86627